000 00294nam a2200109Ia 4500
008 171211s9999 xx 000 0 und d
245 _aYoga and Multiple Sclerosis
245 _cLoren M. Fishman
260 _c2007
650 _xHEALTH
856 _uhttp://down.ebook777.com/018/9781932603170.pdf
999 _c348359
_d348359